[Event "M.Chigorin Memorial 2014"]
[Site "St. Petersburg"]
[Date "2014.10.21"]
[Round "4.1"]
[White "Khismatullin, Denis"]
[Black "Popov, Valerij"]
[Result "1-0"]
[WhiteElo "2681"]
[BlackElo "2546"]
[PlyCount "65"]
[EventDate "2014.10.18"]

1. d4 d5 2. c4 c6 3. Nf3 Nf6 4. e3 Bf5 5. Nc3 a6 6. Qb3 Ra7 7. Nh4 Be4 8. f3
dxc4 9. Qxc4 Bd5 10. Qe2 b5 11. Qf2 e6 12. e4 Bb4 13. a3 Bxc3+ 14. bxc3 Bb3 15.
Rb1 Ba4 16. Be2 O-O 17. O-O Rd7 18. g4 Qa5 19. g5 Ne8 20. Bf4 Nd6 21. Rb4 Rc8
22. Rfb1 Qd8 23. Ng2 Nb7 24. Ne3 c5 25. Rxa4 bxa4 26. d5 exd5 27. Nxd5 Nd6 28.
Qg3 Kh8 29. Bf1 Nb5 30. Bh3 Rxd5 31. exd5 Nxc3 32. Re1 Nd7 33. Bc7 1-0

[Event "M.Chigorin Memorial 2014"]
[Site "St. Petersburg"]
[Date "2014.10.21"]
[Round "4.2"]
[White "Sjugirov, Sanan"]
[Black "Stupak, Kirill"]
[Result "1/2-1/2"]
[WhiteElo "2664"]
[BlackElo "2545"]
[PlyCount "83"]
[EventDate "2014.10.18"]

1. d4 Nf6 2. c4 e6 3. g3 Bb4+ 4. Bd2 Be7 5. Bg2 d5 6. Nf3 O-O 7. O-O c6 8. Qc2
Nbd7 9. Rd1 b6 10. Bf4 Ba6 11. b3 Rc8 12. Nc3 dxc4 13. Ne5 Nxe5 14. dxe5 Nd5
15. Ne4 c3 16. Nxc3 Qc7 17. Ne4 Nxf4 18. gxf4 Rfd8 19. Rac1 h6 20. Bf3 c5 21.
Rxd8+ Rxd8 22. b4 Bb7 23. bxc5 Bxc5 24. Kg2 Qe7 25. e3 Bxe4 26. Qxe4 g6 27. Rd1
Kg7 28. Rd3 Rd7 29. Kg3 Qd8 30. Rxd7 Qxd7 31. Qb7 Qxb7 32. Bxb7 b5 33. Bc6 b4
34. Kf3 Be7 35. Kg3 a5 36. Ba4 Kf8 37. Bb5 Bc5 38. Kf3 Ke7 39. Ba4 Kd8 40. Bb5
Be7 41. Ba4 Bc5 42. Bb5 1/2-1/2

[Event "M.Chigorin Memorial 2014"]
[Site "St. Petersburg"]
[Date "2014.10.21"]
[Round "4.4"]
[White "Bukavshin, Ivan"]
[Black "Batchuluun, Tsegmed"]
[Result "1/2-1/2"]
[WhiteElo "2616"]
[BlackElo "2523"]
[PlyCount "96"]
[EventDate "2014.10.18"]

1. Nf3 Nf6 2. c4 e6 3. Nc3 d5 4. d4 Be7 5. Bf4 O-O 6. e3 Nbd7 7. c5 Nh5 8. Be2
Nxf4 9. exf4 b6 10. b4 a5 11. a3 c6 12. O-O Qc7 13. g3 Ba6 14. Qc2 Bxe2 15.
Nxe2 Ra7 16. Rab1 axb4 17. axb4 Rfa8 18. Nc1 bxc5 19. bxc5 Ra3 20. Nd3 Bf6 21.
Kg2 g6 22. Rb3 R3a4 23. Qb2 Ra2 24. Qc3 R2a4 25. Qb2 Ra2 26. Qb1 R2a4 27. Rb4
Qc8 28. Rd1 Ra3 29. h4 h5 30. Qc2 Qa6 31. Rb3 Ra2 32. Rb2 Ra3 33. Nb4 Qc8 34.
Ra2 Rxa2 35. Nxa2 Rb8 36. Nc1 Qa6 37. Nd3 Qa3 38. Rb1 Rxb1 39. Qxb1 Qa7 40. Qb3
Kg7 41. Nb4 Nb8 42. Nd3 Nd7 43. Nde5 Nxe5 44. fxe5 Bd8 45. Ne1 Qa1 46. Nf3 Qa7
47. Ne1 Qa1 48. Nf3 Qa7 1/2-1/2

[Event "M.Chigorin Memorial 2014"]
[Site "St. Petersburg"]
[Date "2014.10.21"]
[Round "4.5"]
[White "Pridorozhni, Aleksei"]
[Black "Ganguly, Surya Shekhar"]
[Result "1-0"]
[WhiteElo "2514"]
[BlackElo "2613"]
[PlyCount "113"]
[EventDate "2014.10.18"]

1. e4 e5 2. Nc3 Nf6 3. g3 d5 4. exd5 Nxd5 5. Bg2 Nxc3 6. bxc3 Nc6 7. Nf3 Bc5 8.
O-O O-O 9. Re1 Qf6 10. d3 Bb6 11. a4 h6 12. Qe2 Re8 13. Nd2 Bg4 14. Qf1 Rad8
15. Nc4 Bf3 16. Bxf3 Qxf3 17. Qg2 Qxg2+ 18. Kxg2 Bc5 19. f4 exf4 20. Bxf4 Rc8
21. Kf3 Rxe1 22. Rxe1 Bf8 23. g4 Ne7 24. Ne3 c6 25. Rb1 b6 26. c4 Ng6 27. Bg3
Bc5 28. Nf5 Rd8 29. a5 bxa5 30. Bc7 Re8 31. c3 Rc8 32. Bg3 Ne7 33. Bf2 Nxf5 34.
Bxc5 Nh4+ 35. Kf2 Re8 36. Rb7 Ng6 37. Bd6 Ne5 38. Bxe5 Rxe5 39. d4 Re4 40. Kf3
Re1 41. Rc7 a4 42. Rxa7 Ra1 43. Kf4 h5 44. g5 Ra3 45. c5 Rxc3 46. Rxa4 Rc2 47.
h3 Rc3 48. Ke5 Rxh3 49. Kd6 Rg3 50. Kxc6 Rg4 51. Ra8+ Kh7 52. d5 h4 53. d6 h3
54. d7 h2 55. Rh8+ Kxh8 56. d8=Q+ Kh7 57. Qd3+ 1-0

[Event "M.Chigorin Memorial 2014"]
[Site "St. Petersburg"]
[Date "2014.10.21"]
[Round "4.6"]
[White "Sethuraman, S.P."]
[Black "Predke, Alexandr"]
[Result "1/2-1/2"]
[WhiteElo "2613"]
[BlackElo "2511"]
[PlyCount "108"]
[EventDate "2014.10.18"]

1. c4 e5 2. Nc3 Nf6 3. g3 d5 4. cxd5 Nxd5 5. Bg2 Nb6 6. Nf3 Nc6 7. Rb1 a5 8. d3
Be7 9. O-O O-O 10. Be3 Be6 11. Rc1 h6 12. a3 f5 13. Na4 e4 14. Ne1 Nd5 15. Bc5
Nf6 16. Bxe7 Qxe7 17. Nc5 Bd5 18. Nxb7 Rab8 19. dxe4 fxe4 20. Rc5 Rfd8 21. Nxd8
Qxc5 22. Nxc6 Bxc6 23. Qc2 Qxc2 24. Nxc2 Rxb2 25. Rc1 Bd7 26. Ne3 Ra2 27. Nc4
Rxe2 28. Nxa5 Ra2 29. Nc4 Be6 30. Bf1 Ng4 31. Bh3 h5 32. Ne3 Rxa3 33. Bxg4 Bxg4
34. Nxg4 hxg4 35. Rxc7 e3 36. fxe3 Rxe3 37. Rc4 Re2 38. Rxg4 Kh7 39. Rf4 g5 40.
Rf2 Re3 41. Kg2 Kg6 42. Ra2 g4 43. h3 gxh3+ 44. Kxh3 Re4 45. Ra6+ Kg5 46. Ra5+
Kg6 47. Ra8 Kg7 48. Ra6 Rb4 49. g4 Rc4 50. Kh4 Rc5 51. Ra8 Rb5 52. Ra4 Kg6 53.
Ra6+ Kg7 54. Ra7+ Kg6 1/2-1/2

[Event "M.Chigorin Memorial 2014"]
[Site "St. Petersburg"]
[Date "2014.10.21"]
[Round "4.7"]
[White "Levin, Evgeny A"]
[Black "Goganov, Aleksey"]
[Result "0-1"]
[WhiteElo "2507"]
[BlackElo "2608"]
[PlyCount "86"]
[EventDate "2014.10.18"]

1. d4 Nf6 2. c4 e6 3. Nf3 Bb4+ 4. Nbd2 O-O 5. a3 Be7 6. e4 d5 7. e5 Nfd7 8. b4
a5 9. b5 c5 10. Bb2 cxd4 11. Bxd4 Nc5 12. Be2 Nbd7 13. O-O b6 14. cxd5 exd5 15.
Re1 a4 16. Bf1 Ne6 17. Bb2 Ndc5 18. Nd4 Nxd4 19. Bxd4 Bf5 20. Qf3 Bg6 21. Qe3
Re8 22. g3 Ne6 23. Bg2 Bc5 24. Bxc5 bxc5 25. Qf3 Ra7 26. Qc3 Rd7 27. Rad1 Bh5
28. Rb1 Qb6 29. Qe3 Nd4 30. Kh1 Nc2 31. Qg5 Nxe1 32. Rxe1 Bg6 33. f4 Bd3 34. f5
Qh6 35. Qxh6 gxh6 36. Bh3 Bxb5 37. e6 fxe6 38. fxe6 Rd6 39. Nf3 d4 40. Kg1 Bc4
41. e7 d3 42. Nd2 Bf7 43. Re4 c4 0-1

[Event "M.Chigorin Memorial 2014"]
[Site "St. Petersburg"]
[Date "2014.10.21"]
[Round "4.8"]
[White "Matinian, Nikita"]
[Black "Wen, Yang"]
[Result "1/2-1/2"]
[WhiteElo "2470"]
[BlackElo "2601"]
[PlyCount "89"]
[EventDate "2014.10.18"]

1. e4 e5 2. Nf3 Nc6 3. Bb5 a6 4. Ba4 Nf6 5. O-O b5 6. Bb3 Bc5 7. a4 Bb7 8. d3
O-O 9. Nc3 Na5 10. axb5 axb5 11. Nxb5 Nxb3 12. Rxa8 Bxa8 13. cxb3 d5 14. exd5
Nxd5 15. Nxe5 Qe8 16. d4 Bxd4 17. Nxd4 Qxe5 18. Re1 Qf6 19. Nf3 h6 20. Qd4 Rb8
21. Qxf6 Nxf6 22. Re3 Rd8 23. Kf1 Bxf3 24. gxf3 Rd1+ 25. Re1 Rd3 26. Re3 Rd1+
27. Re1 Rd4 28. Re5 Rb4 29. Rc5 Ne8 30. Rc3 f6 31. Be3 Kf7 32. Bc5 Rb7 33. b4
g5 34. f4 Ng7 35. fxg5 hxg5 36. Rd3 Ne6 37. Rd7+ Kg6 38. Re7 Kf5 39. Rf7 Nf4
40. f3 Nd5 41. Kf2 Rb8 42. Rf8 Rb7 43. Rc8 Nxb4 44. Bxb4 Rxb4 45. Rxc7 1/2-1/2

[Event "M.Chigorin Memorial 2014"]
[Site "St. Petersburg"]
[Date "2014.10.21"]
[Round "4.9"]
[White "Demchenko, Anton"]
[Black "Matsenko, Sergei"]
[Result "1/2-1/2"]
[WhiteElo "2588"]
[BlackElo "2485"]
[PlyCount "181"]
[EventDate "2014.10.18"]

1. e4 e6 2. d4 d5 3. Nd2 Nc6 4. Ngf3 Nf6 5. e5 Nd7 6. Bd3 Nb4 7. Be2 c5 8. c3
Nc6 9. O-O cxd4 10. cxd4 f6 11. exf6 Nxf6 12. b3 Bd6 13. Bb2 O-O 14. Bd3 Qb6
15. a3 Bd7 16. Qe2 Rae8 17. Rad1 Kh8 18. Bb1 Ne7 19. Ne5 Bb5 20. Bd3 Bxd3 21.
Qxd3 Bxe5 22. dxe5 Nd7 23. Bd4 Qc7 24. f4 h6 25. Rc1 Qb8 26. Be3 Rc8 27. Nf3
Rxc1 28. Rxc1 Rc8 29. Nd4 Rxc1+ 30. Bxc1 Qc8 31. Be3 a6 32. g4 Nc6 33. Qc2 Nf8
34. b4 Kg8 35. Kf1 Kf7 36. h3 Ke8 37. Nb3 Qc7 38. Kf2 g5 39. Kg3 Qg7 40. Na5 d4
41. Bd2 gxf4+ 42. Bxf4 Ng6 43. Nxc6 Nxf4 44. Nxd4 Qxe5 45. Nf3 Qb8 46. Qe4 Ng6+
47. Kf2 Nf4 48. h4 Qc7 49. h5 Nh3+ 50. Kg2 Nf4+ 51. Kf2 Nh3+ 52. Ke2 Nf4+ 53.
Kd2 Qd6+ 54. Kc2 Nd5 55. Kb2 Qc6 56. Qg6+ Kd8 57. Qg8+ Kc7 58. Qg7+ Kb8 59.
Qh8+ Kc7 60. Qe5+ Kc8 61. g5 Nb6 62. Qh8+ Kc7 63. Qe5+ Kc8 64. Nd2 Qd7 65. Qh8+
Kc7 66. Qe5+ Kc8 67. Qc5+ Kb8 68. Kc2 Nd5 69. g6 Qg7 70. Ne4 Qa1 71. Nc3 Qxa3
72. g7 Nxb4+ 73. Qxb4 Qxb4 74. g8=Q+ Ka7 75. Qxe6 Qf4 76. Kb3 Qg5 77. Qg6 Qf4
78. Qd3 Qf7+ 79. Qd5 Qxd5+ 80. Nxd5 Kb8 81. Kc4 Kc8 82. Nb6+ Kc7 83. Kc5 a5 84.
Kb5 Kd6 85. Nc4+ Ke6 86. Kxa5 Kf5 87. Nd6+ Kg5 88. Kb6 Kxh5 89. Nf7 Kg4 90.
Nxh6+ Kf3 91. Kxb7 1/2-1/2

[Event "M.Chigorin Memorial 2014"]
[Site "St. Petersburg"]
[Date "2014.10.21"]
[Round "4.10"]
[White "Smirnov, Artem"]
[Black "Aleksandrov, Aleksej"]
[Result "0-1"]
[WhiteElo "2450"]
[BlackElo "2583"]
[PlyCount "67"]
[EventDate "2014.10.18"]

1. d4 d5 2. c4 e6 3. Nf3 Nf6 4. g3 dxc4 5. Bg2 Nc6 6. O-O Rb8 7. Nc3 a6 8. e4
Be7 9. Qe2 b5 10. Rd1 Nb4 11. d5 exd5 12. e5 Nd7 13. Nxd5 Nxd5 14. Rxd5 O-O 15.
Bf4 Qe8 16. e6 fxe6 17. Qxe6+ Kh8 18. Qe3 Bb7 19. Rd2 Nc5 20. Ne5 Bxg2 21. Kxg2
Rd8 22. Re1 Rxd2 23. Qxd2 Qa8+ 24. Kg1 Bd6 25. Qe2 Qd5 26. Qh5 Kg8 27. Qg4 Re8
28. Rd1 Qe6 29. Qxe6+ Rxe6 30. Nf3 Nd3 31. b3 Nxf4 32. gxf4 Re4 33. bxc4 Rxf4
34. Ng5 0-1

[Event "M.Chigorin Memorial 2014"]
[Site "St. Petersburg"]
[Date "2014.10.21"]
[Round "4.11"]
[White "Kazhgaleyev, Murtas"]
[Black "Bazeev, German"]
[Result "1-0"]
[WhiteElo "2566"]
[BlackElo "2369"]
[PlyCount "41"]
[EventDate "2014.10.18"]

1. d4 Nf6 2. c4 e6 3. Nc3 Bb4 4. Nf3 c5 5. g3 b6 6. Bg2 Bb7 7. O-O Bxc3 8. bxc3
O-O 9. dxc5 bxc5 10. Bf4 Be4 11. Bd6 Re8 12. Bxc5 Nc6 13. Bd6 Rc8 14. c5 Qa5
15. Qb3 Qa6 16. c4 e5 17. Rfd1 Nd4 18. Nxd4 exd4 19. Bf1 Ba8 20. Qb5 Qa3 21.
Rd3 1-0

[Event "M.Chigorin Memorial 2014"]
[Site "St. Petersburg"]
[Date "2014.10.21"]
[Round "4.12"]
[White "Saveliev, Alexei"]
[Black "Lalith, Babu M.R"]
[Result "1/2-1/2"]
[WhiteElo "2207"]
[BlackElo "2547"]
[PlyCount "106"]
[EventDate "2014.10.18"]

1. e4 c6 2. d4 d5 3. exd5 cxd5 4. c4 Nf6 5. Nc3 Nc6 6. Nf3 Be6 7. cxd5 Bxd5 8.
Be3 e6 9. Be2 Be7 10. O-O O-O 11. Ne5 Qa5 12. a3 Rac8 13. b4 Qd8 14. Rc1 a5 15.
b5 Na7 16. Qa4 Ra8 17. Nxd5 Nxd5 18. Bf3 Nc8 19. Nc4 Ncb6 20. Nxb6 Nxb6 21. Qb3
a4 22. Qb2 Qd7 23. Be2 Rfd8 24. Rfd1 Nd5 25. Rd3 Rdc8 26. Rxc8+ Rxc8 27. Bd1
Rc4 28. Rd2 Nc3 29. Be2 Nxe2+ 30. Rxe2 h6 31. h3 Qc7 32. g3 Rc3 33. d5 Bxa3 34.
Qa2 Qc4 35. dxe6 Qxa2 36. Rxa2 fxe6 37. Kg2 e5 38. Kf3 Kf7 39. Ke4 Ke6 40. f4
exf4 41. gxf4 g6 42. h4 h5 43. Rg2 Kf7 44. Bd4 Rh3 45. Ra2 Rg3 46. Be3 Bd6 47.
Rxa4 Ke6 48. Ra8 Rg2 49. Re8+ Kf7 50. Rd8 Ke6 51. Re8+ Kf7 52. Rd8 Ke7 53. Rg8
Ke6 1/2-1/2

[Event "M.Chigorin Memorial 2014"]
[Site "St. Petersburg"]
[Date "2014.10.21"]
[Round "4.13"]
[White "Matlakov, Maxim"]
[Black "Iljiushenok, Ilia"]
[Result "1-0"]
[WhiteElo "2692"]
[BlackElo "2433"]
[PlyCount "129"]
[EventDate "2014.10.18"]

1. d4 d5 2. Nf3 Nf6 3. c4 c6 4. e3 Bf5 5. Nc3 e6 6. Nh4 Bg6 7. Nxg6 hxg6 8. Bd2
Nbd7 9. Qc2 Be7 10. O-O-O Nb6 11. cxd5 cxd5 12. Bb5+ Nbd7 13. Kb1 a6 14. Bxd7+
Qxd7 15. f3 Rc8 16. Rc1 b5 17. Qd3 Rc4 18. h4 O-O 19. g4 Rfc8 20. g5 Nh5 21.
Ne2 Bd6 22. f4 Kf8 23. Rhd1 Qb7 24. Be1 Ke8 25. Ka1 Qc6 26. Kb1 Qb7 27. Bd2 Kd7
28. Ka1 Ke8 29. b3 Rxc1+ 30. Rxc1 Rxc1+ 31. Bxc1 Qc6 32. Bd2 Kd7 33. Kb1 Ke8
34. Kb2 Kd7 35. Be1 Ke8 36. Qb1 Kd7 37. Nc1 Kc8 38. Nd3 Kb7 39. Qd1 Kc8 40. Qf3
Kb7 41. Bb4 Bc7 42. Bc5 Bb8 43. Kc2 Qc7 44. Kb2 Qc6 45. Qg2 Bc7 46. Kc2 Bb8 47.
Kd1 Qc7 48. Bb4 Qc6 49. Ke1 Kc8 50. Bc5 Qc7 51. Kf1 Qa5 52. Bb4 Qc7 53. Qf2 a5
54. Bc5 Qc6 55. b4 axb4 56. Nxb4 Qa8 57. Kg2 Qa3 58. Qc2 Kd7 59. Bd6 Qa8 60.
Bxb8 Qxb8 61. Qc6+ Kd8 62. Kf3 Qc7 63. Qxb5 Qc1 64. Nc6+ Kc7 65. Qb8+ 1-0

[Event "M.Chigorin Memorial 2014"]
[Site "St. Petersburg"]
[Date "2014.10.21"]
[Round "4.14"]
[White "Ziaziulkina, Nastassia"]
[Black "Alekseev, Evgeny"]
[Result "1/2-1/2"]
[WhiteElo "2429"]
[BlackElo "2682"]
[PlyCount "49"]
[EventDate "2014.10.18"]

1. e4 c5 2. Nf3 e6 3. d4 cxd4 4. Nxd4 Nc6 5. Nc3 a6 6. Nxc6 bxc6 7. Bd3 d5 8.
O-O Nf6 9. Re1 Be7 10. e5 Nd7 11. Qg4 g6 12. Bh6 Rb8 13. Nd1 c5 14. b3 Bf8 15.
Qf4 Qa5 16. Ne3 Qc3 17. Nxd5 Bxh6 18. Qxh6 exd5 19. e6 fxe6 20. Rxe6+ Kd8 21.
Qg5+ Kc7 22. Qg3+ Kd8 23. Qg5+ Kc7 24. Qg3+ Kd8 25. Qg5+ 1/2-1/2

[Event "M.Chigorin Memorial 2014"]
[Site "St. Petersburg"]
[Date "2014.10.21"]
[Round "4.15"]
[White "Rodshtein, Maxim"]
[Black "Munguntuul, Batkhuyag"]
[Result "1-0"]
[WhiteElo "2678"]
[BlackElo "2433"]
[PlyCount "69"]
[EventDate "2014.10.18"]

1. d4 d5 2. c4 c6 3. Nf3 Nf6 4. Nc3 a6 5. e3 b5 6. c5 Nbd7 7. a3 g6 8. b4 a5 9.
Bb2 Bg7 10. Bd3 O-O 11. h3 Qc7 12. O-O e5 13. dxe5 Nxe5 14. Nxb5 Nxf3+ 15. Qxf3
Qe7 16. Nd6 Ba6 17. Bxa6 Rxa6 18. Qe2 Raa8 19. Rfc1 Ne4 20. Bxg7 Kxg7 21. Nxe4
Qxe4 22. Rab1 axb4 23. axb4 Rfb8 24. b5 Ra5 25. b6 Qe5 26. Qe1 Ra2 27. Ra1 Rxa1
28. Rxa1 d4 29. exd4 Qxd4 30. Rc1 Kf8 31. Qc3 Rd8 32. Qxd4 Rxd4 33. Ra1 Kg7 34.
Ra8 Rb4 35. Rc8 1-0

[Event "M.Chigorin Memorial 2014"]
[Site "St. Petersburg"]
[Date "2014.10.21"]
[Round "4.16"]
[White "Andriasian, Zaven"]
[Black "Chashchev, Sergey"]
[Result "1/2-1/2"]
[WhiteElo "2622"]
[BlackElo "2390"]
[PlyCount "80"]
[EventDate "2014.10.18"]

1. e4 d6 2. d4 Nf6 3. Nc3 e5 4. Nf3 Nbd7 5. Bc4 Be7 6. O-O O-O 7. a4 c6 8. Re1
Qc7 9. h3 b6 10. d5 Bb7 11. dxc6 Qxc6 12. b3 a6 13. Bg5 h6 14. Bxf6 Nxf6 15.
Nh4 Qc5 16. Nf5 Rae8 17. Qd3 Bc8 18. Rad1 Bxf5 19. exf5 Rc8 20. Ne4 Nxe4 21.
Qxe4 Rc7 22. Rd5 Qb4 23. Re3 Rc5 24. Rd1 Kh8 25. c3 Qa3 26. Qb7 Bg5 27. Red3 b5
28. axb5 axb5 29. Bxf7 e4 30. Rd5 Qxb3 31. Be6 Qxc3 32. Rxd6 e3 33. fxe3 Qxe3+
34. Kh1 Rc1 35. Qf3 Qxf3 36. gxf3 Rxd1+ 37. Rxd1 b4 38. Kg2 Bf6 39. Kg3 Rd8 40.
Rxd8+ Bxd8 1/2-1/2

[Event "M.Chigorin Memorial 2014"]
[Site "St. Petersburg"]
[Date "2014.10.21"]
[Round "4.17"]
[White "Potkin, Vladimir"]
[Black "Tunik, Gennady"]
[Result "1-0"]
[WhiteElo "2610"]
[BlackElo "2417"]
[PlyCount "55"]
[EventDate "2014.10.18"]

1. e4 c5 2. Nf3 e6 3. d4 cxd4 4. Nxd4 Nc6 5. Nc3 a6 6. Nxc6 bxc6 7. Bd3 d5 8.
O-O Nf6 9. Qf3 Be7 10. Qg3 O-O 11. Bh6 Ne8 12. Bf4 a5 13. Na4 Ba6 14. Rad1 Bxd3
15. cxd3 Kh8 16. Rc1 Ra6 17. Rc2 dxe4 18. dxe4 Qd4 19. Nc3 Nf6 20. Rd1 Qb4 21.
Be5 Raa8 22. Rcd2 Rg8 23. a3 Qc4 24. Bxf6 Bxf6 25. e5 Be7 26. Rd7 Rge8 27. Qf3
Kg8 28. Ne4 1-0

[Event "M.Chigorin Memorial 2014"]
[Site "St. Petersburg"]
[Date "2014.10.21"]
[Round "4.18"]
[White "Volkov, Sergey"]
[Black "Sergienko, Sergey"]
[Result "1-0"]
[WhiteElo "2599"]
[BlackElo "2380"]
[PlyCount "71"]
[EventDate "2014.10.18"]

1. d4 Nf6 2. c4 e6 3. Nc3 Bb4 4. f3 c5 5. d5 O-O 6. e4 Re8 7. Nge2 exd5 8. cxd5
d6 9. Ng3 Nbd7 10. Be2 a6 11. O-O Nf8 12. a4 Rb8 13. Kh1 h6 14. Qc2 Ng6 15. Bd2
Bd7 16. b3 Qc8 17. Ra2 Ba5 18. Nb5 axb5 19. Bxa5 b4 20. Bb6 Nf4 21. Bc4 Re5 22.
Qc1 g5 23. Ne2 Nxe2 24. Rxe2 Qf8 25. f4 gxf4 26. Qxf4 Nh5 27. Qh4 Rbe8 28. Ref2
Qe7 29. Qxe7 R5xe7 30. Bc7 Rxe4 31. Bxd6 Bxa4 32. Bxc5 Rc8 33. Bb6 Be8 34. d6
Rexc4 35. bxc4 Rxc4 36. Rxf7 1-0

[Event "M.Chigorin Memorial 2014"]
[Site "St. Petersburg"]
[Date "2014.10.21"]
[Round "4.19"]
[White "Usmanov, Vasily"]
[Black "Yemelin, Vasily"]
[Result "1/2-1/2"]
[WhiteElo "2427"]
[BlackElo "2568"]
[PlyCount "134"]
[EventDate "2014.10.18"]

1. d4 Nf6 2. c4 e6 3. Nc3 Bb4 4. Qc2 O-O 5. Nf3 d5 6. a3 Bxc3+ 7. Qxc3 dxc4 8.
Qxc4 b6 9. Bd2 Ba6 10. Qc2 Qd5 11. Bc3 Rc8 12. g3 c5 13. Rd1 cxd4 14. Rxd4 Qc5
15. Bg2 Nc6 16. Rd2 Ne7 17. Qa4 Bb5 18. Qd4 Ned5 19. Qxc5 Rxc5 20. Nd4 Ba6 21.
Nb3 Rb5 22. Nd4 Rc5 23. Nb3 Rb5 24. Bxf6 Rxb3 25. Bd4 Rc8 26. O-O f5 27. Rfd1
Kf7 28. e4 fxe4 29. Bxe4 g6 30. Bc2 Rb5 31. b4 Ne7 32. Be4 Rh5 33. g4 Rh4 34.
f3 Nd5 35. Bf2 Rh6 36. Bxd5 exd5 37. Rxd5 Be2 38. Rd7+ Ke8 39. R1d6 Bxf3 40.
Be3 Bxg4 41. Rd8+ Rxd8 42. Rxd8+ Kxd8 43. Bxh6 Bd1 44. Kf2 Kd7 45. Ke3 Ke6 46.
Bf4 b5 47. Bb8 a6 48. Kf4 h6 49. h4 Kd5 50. Ba7 Kc4 51. Ke3 Kb3 52. Kd2 Bf3 53.
Be3 Kxa3 54. Kc3 g5 55. hxg5 h5 56. g6 h4 57. g7 Bd5 58. Bc5 h3 59. Bd6 Bg8 60.
Kd2 Ka4 61. Ke3 h2 62. Bxh2 Kxb4 63. Kd2 Kb3 64. Bc7 b4 65. Ba5 Bh7 66. Kc1 Ka3
67. Bxb4+ Kxb4 1/2-1/2

[Event "M.Chigorin Memorial 2014"]
[Site "St. Petersburg"]
[Date "2014.10.21"]
[Round "4.20"]
[White "Petrosyan, Tigran S"]
[Black "Bernadskiy, Vitaliy"]
[Result "0-1"]
[WhiteElo "2426"]
[BlackElo "2558"]
[PlyCount "58"]
[EventDate "2014.10.18"]

1. e4 c6 2. d4 d5 3. Nc3 dxe4 4. Nxe4 Bf5 5. Ng3 Bg6 6. N1e2 Nf6 7. Nf4 e5 8.
Nxg6 hxg6 9. dxe5 Qa5+ 10. Bd2 Qxe5+ 11. Qe2 Nbd7 12. Qxe5+ Nxe5 13. f4 Ned7
14. O-O-O O-O-O 15. Bc4 Ng4 16. Rde1 Nh6 17. Ne4 Nb6 18. Bb3 Nd5 19. Nc3 Ng4
20. Nxd5 cxd5 21. h3 Nf2 22. Rhf1 Ne4 23. Rxe4 dxe4 24. Bxf7 Bc5 25. Re1 Rd6
26. b4 Rhd8 27. bxc5 Rxd2 28. g4 R2d4 29. Bxg6 Kc7 0-1

[Event "M.Chigorin Memorial 2014"]
[Site "St. Petersburg"]
[Date "2014.10.21"]
[Round "4.21"]
[White "Ponomarev, Dmitry"]
[Black "Lintchevski, Daniil"]
[Result "0-1"]
[WhiteElo "2413"]
[BlackElo "2555"]
[PlyCount "94"]
[EventDate "2014.10.18"]

1. c4 c6 2. d4 d5 3. Nf3 Nf6 4. Nc3 a6 5. a4 e6 6. g3 Nbd7 7. Bg2 Bb4 8. O-O
O-O 9. Qc2 a5 10. Rd1 Qe7 11. e4 dxc4 12. e5 Nd5 13. Ng5 f5 14. exf6 gxf6 15.
Nge4 Qg7 16. Na2 f5 17. Ng5 N7b6 18. Nxb4 Nxb4 19. Qe2 Nd3 20. Bd2 Nxb2 21.
Rdb1 N6xa4 22. Bf4 c3 23. Qc2 Qxd4 24. Be3 Qb4 25. Qe2 Qg4 26. Bf3 Qc4 27. Qc2
b5 28. Be2 Qb4 29. Bf1 Bd7 30. Qe2 Qg4 31. f3 Qh5 32. h4 e5 33. Rd1 Rad8 34.
Rd6 Nc4 35. Qa2 Nab2 36. Bb6 Qe8 37. Bxd8 Qxd8 38. Bxc4+ Nxc4 39. Rad1 Qb6+ 40.
Kh2 Be8 41. Rd8 Bf7 42. Nxf7 Kxf7 43. R1d7+ Kg8 44. Rxf8+ Kxf8 45. Qc2 Ke8 46.
Qd3 e4 47. fxe4 fxe4 0-1

[Event "M.Chigorin Memorial 2014"]
[Site "St. Petersburg"]
[Date "2014.10.21"]
[Round "4.22"]
[White "Yandemirov, Valeri"]
[Black "Yakovich, Yuri"]
[Result "1/2-1/2"]
[WhiteElo "2375"]
[BlackElo "2523"]
[PlyCount "81"]
[EventDate "2014.10.18"]

1. Nf3 c5 2. g3 Nc6 3. d4 cxd4 4. Nxd4 g6 5. Bg2 Bg7 6. Nxc6 bxc6 7. O-O Rb8 8.
Nd2 Nf6 9. Nb3 Qc7 10. Bd2 d6 11. Ba5 Qd7 12. Bc3 O-O 13. Qd2 Ba6 14. Rfe1 Qc7
15. e4 Nd7 16. Bxg7 Kxg7 17. Qc3+ e5 18. Rad1 Nf6 19. Nd2 Rfe8 20. b3 Rbc8 21.
Nc4 d5 22. exd5 cxd5 23. Bxd5 Nxd5 24. Rxd5 Bxc4 25. bxc4 Qxc4 26. Qxc4 Rxc4
27. Rexe5 Rxe5 28. Rxe5 Ra4 29. c4 Rxa2 30. Re7 Kf6 31. Rb7 a5 32. c5 Rc2 33.
Rb5 a4 34. Ra5 Rc4 35. c6 Ke6 36. c7 Rxc7 37. Rxa4 h5 38. h4 Rc2 39. Kg2 Kf6
40. Ra6+ Kg7 41. Rb6 1/2-1/2

[Event "M.Chigorin Memorial 2014"]
[Site "St. Petersburg"]
[Date "2014.10.21"]
[Round "4.23"]
[White "Lobanov, Sergei"]
[Black "Demidov, Mikhail"]
[Result "0-1"]
[WhiteElo "2372"]
[BlackElo "2516"]
[PlyCount "62"]
[EventDate "2014.10.18"]

1. e4 e6 2. d4 d5 3. Nc3 Bb4 4. e5 Ne7 5. Qg4 c5 6. dxc5 Nbc6 7. Bd2 O-O 8.
O-O-O b6 9. Bg5 Qd7 10. Bb5 Bxc3 11. Bxe7 Qxe7 12. Bxc6 Bxb2+ 13. Kxb2 Rb8 14.
Nf3 bxc5+ 15. Ka1 Qc7 16. Bxd5 exd5 17. Qa4 d4 18. Rb1 Rb6 19. Rxb6 axb6 20. c3
dxc3 21. Qc4 Be6 22. Qxc3 Ra8 23. a3 Qa7 24. Kb2 b5 25. Rc1 b4 26. Qe3 bxa3+
27. Ka1 Rb8 28. Nd2 Qa8 29. Qe4 Qa5 30. Qd3 Rd8 31. Rxc5 Qb6 0-1

[Event "M.Chigorin Memorial 2014"]
[Site "St. Petersburg"]
[Date "2014.10.21"]
[Round "4.24"]
[White "Prizant, Jaroslav"]
[Black "Melnikov, Dmitry"]
[Result "1-0"]
[WhiteElo "2511"]
[BlackElo "2260"]
[PlyCount "43"]
[EventDate "2014.10.18"]

1. Nf3 f5 2. d3 d6 3. e4 Nc6 4. Nc3 Nf6 5. exf5 Bxf5 6. d4 e5 7. Bb5 e4 8. d5
a6 9. Nd4 Bg4 10. Be2 Nxd4 11. Qxd4 Bxe2 12. Nxe2 Qd7 13. O-O Be7 14. Ng3 O-O
15. Bd2 Rae8 16. Rae1 c5 17. dxc6 Qxc6 18. Nxe4 Qxc2 19. Bc3 Kh8 20. Nxd6 Bxd6
21. Qxd6 Ne4 22. Qd7 1-0

[Event "M.Chigorin Memorial 2014"]
[Site "St. Petersburg"]
[Date "2014.10.21"]
[Round "4.25"]
[White "Ulko, Jaroslav"]
[Black "Grigorjev, Iljya"]
[Result "1/2-1/2"]
[WhiteElo "2489"]
[BlackElo "2203"]
[PlyCount "120"]
[EventDate "2014.10.18"]

1. d4 Nf6 2. Nf3 g6 3. c4 Bg7 4. Nc3 d5 5. cxd5 Nxd5 6. e4 Nxc3 7. bxc3 c5 8.
Be3 Qa5 9. Qd2 O-O 10. Rc1 Rd8 11. d5 e6 12. c4 Qxd2+ 13. Nxd2 b6 14. Rb1 Na6
15. a3 Bd7 16. Be2 Nc7 17. O-O Ne8 18. f4 Nd6 19. e5 Nf5 20. Bf2 g5 21. fxg5
Bxe5 22. Ne4 exd5 23. cxd5 Ba4 24. Nf6+ Bxf6 25. gxf6 Bc2 26. Rbc1 Be4 27. Ba6
Kh8 28. Rce1 Bxd5 29. Bxc5 Nh4 30. Bf2 Nxg2 31. Re5 Nf4 32. Rfe1 Bc6 33. Bf1
Ng6 34. R5e3 Rg8 35. Bg3 Rad8 36. Rc1 Bd5 37. Kf2 Be6 38. Rd3 Rxd3 39. Bxd3 Rc8
40. Rxc8+ Bxc8 41. Ke3 Nf8 42. Kd4 Kg8 43. Bb8 a6 44. Bd6 Ne6+ 45. Ke5 b5 46.
Bb4 Ng5 47. Kd6 Nf3 48. Kc7 Be6 49. Kb6 Nxh2 50. Kxa6 Ng4 51. Bxb5 Nxf6 52. Kb7
Bb3 53. a4 Bxa4 54. Bxa4 h5 55. Kc6 h4 56. Bd1 h3 57. Bf3 h2 58. Bd6 Ng4 59.
Kd5 Kg7 60. Bg3 Kg6 1/2-1/2

[Event "M.Chigorin Memorial 2014"]
[Site "St. Petersburg"]
[Date "2014.10.21"]
[Round "4.26"]
[White "Alekseenko, Kirill"]
[Black "Gogolev, Artem"]
[Result "1-0"]
[WhiteElo "2483"]
[BlackElo "2253"]
[PlyCount "37"]
[EventDate "2014.10.18"]

1. e4 e5 2. Nf3 Nc6 3. Bb5 Nf6 4. Nc3 Bb4 5. O-O O-O 6. d3 d6 7. Bg5 Ne7 8.
Bxf6 gxf6 9. Nh4 c6 10. Ba4 Ng6 11. Nf5 Bxc3 12. bxc3 Bxf5 13. exf5 Ne7 14. Qh5
Qd7 15. f4 Nd5 16. fxe5 dxe5 17. Rf3 Nf4 18. Qh6 Qxf5 19. Rg3+ 1-0